00594nam a2200241Ia 450000500170000000800460001702000180006303700100008104000080009104000080009904000080010704100080011504100080012308400080013110000370013924500380017624500400021426000230025426000090027736500050028636500080029185600530029920260324124754.0008 260324s9999 xx 000 0 eng d a9780429252310 aEBOOK aCRL beng cCRL 2eng aeng qCRL aGerald J. Bayens; Cliff Roberson 0aCriminal Justice Research Methods 0bTheory and Practice, Second Edition bTaylor and Francis c2010 a b300 uhttp://www.taylorfrancis.com/books/9780429252310